<?xml version="1.0" encoding="UTF-8"?>
<collection xmlns:xsi="http://www.w3.org/2001/XMLSchema-instance" xsi:schemaLocation="http://www.loc.gov/MARC21/slim http://www.loc.gov/standards/marcxml/schema/MARC21slim.xsd" xmlns="http://www.loc.gov/MARC21/slim">
 <record>
  <leader>00000ctmaa22000001a 4500</leader>
  <controlfield tag="001">UP-1685675941123907872</controlfield>
  <controlfield tag="003">Buklod</controlfield>
  <controlfield tag="005">20130625144957.0</controlfield>
  <controlfield tag="006">aa    rb   |||1 u|</controlfield>
  <controlfield tag="007">ta</controlfield>
  <controlfield tag="008">130625s        xx     d     r    |||| u|</controlfield>
  <datafield tag="035" ind1=" " ind2=" ">
   <subfield code="a">(iLib)UPTAC-00016197859</subfield>
  </datafield>
  <datafield tag="040" ind1=" " ind2=" ">
   <subfield code="a">UPVTC</subfield>
  </datafield>
  <datafield tag="041" ind1=" " ind2=" ">
   <subfield code="a">eng</subfield>
  </datafield>
  <datafield tag="090" ind1=" " ind2="0">
   <subfield code="a">LG 993.5 2013 P7</subfield>
   <subfield code="b">A48</subfield>
  </datafield>
  <datafield tag="100" ind1="1" ind2=" ">
   <subfield code="a">Agustin, Zoreen E., et al.</subfield>
  </datafield>
  <datafield tag="245" ind1="1" ind2="0">
   <subfield code="a">Alibangbang in captivity</subfield>
   <subfield code="b">Life stories of male homosexual prisoners in the leyte regional prison, Abuyog, Leyte.</subfield>
  </datafield>
  <datafield tag="264" ind1=" " ind2="1">
   <subfield code="a">Tacloban City</subfield>
   <subfield code="b">Zoreen E. Agustin</subfield>
   <subfield code="c">2013</subfield>
  </datafield>
  <datafield tag="300" ind1=" " ind2=" ">
   <subfield code="a">120 leaves</subfield>
  </datafield>
  <datafield tag="500" ind1=" " ind2=" ">
   <subfield code="a">Undergraduate thesis (B.A.S.S. Psychology)--University of the Philippines, Tacloban</subfield>
  </datafield>
  <datafield tag="520" ind1=" " ind2=" ">
   <subfield code="a">Out of the chrysalis of discrimination, male homosexuals enjoy the emancipation associated with their acceptance of their sexuality; however, some of them are locked up behind bars because of the criminal liabilities they face. A qualitative study on the life stories of male homosexual prisoners in the Leyte Regional Prison in Abuyog, Leyte was conducted to explore the relevance of their sexuality with transgression of the law and their imprisonment as well as to understand their life experiences. Being a male homosexual prisoner presents several hardships and struggles, but being one does not make an individual a captive of misery, instead, one still continues to find meaning in his life and at the same time hope to gain full acceptance and respect from the society. A triangulation process was conducted through interviews with six (n=6) male homosexual prisoners and their close inmates and an analysis of the participants' profile at the LRP. The life stories of the participants can provide them with the opportunity to be heard and the institution tasked to guide these prisoners can integrate inputs to come up with a more holistic understanding of this segment of the population which will help facilitate future programs to promote the wellbeing of male homosexual prisoners.</subfield>
  </datafield>
  <datafield tag="653" ind1=" " ind2=" ">
   <subfield code="a">Social Science.</subfield>
  </datafield>
  <datafield tag="700" ind1="1" ind2=" ">
   <subfield code="a">Mercines, Monique I.</subfield>
   <subfield code="e">author.</subfield>
  </datafield>
  <datafield tag="700" ind1="1" ind2=" ">
   <subfield code="a">Relis, Leonel J.</subfield>
   <subfield code="e">author.</subfield>
  </datafield>
  <datafield tag="905" ind1=" " ind2=" ">
   <subfield code="a">FI</subfield>
  </datafield>
  <datafield tag="905" ind1=" " ind2=" ">
   <subfield code="a">UP</subfield>
  </datafield>
  <datafield tag="852" ind1="0" ind2=" ">
   <subfield code="a">UPTAC</subfield>
   <subfield code="b">UPTAC</subfield>
   <subfield code="h">LG 993.5 2013 P7</subfield>
   <subfield code="i">A48</subfield>
  </datafield>
  <datafield tag="942" ind1=" " ind2=" ">
   <subfield code="a">Thesis</subfield>
  </datafield>
 </record>
</collection>
